Boswell on the grand tour : (Record no. 22404)
[ view plain ]
| 000 -LEADER | |
|---|---|
| fixed length control field | 00885nam a22002411a 4500 |
| 001 - CONTROL NUMBER | |
| control field | 22404 |
| 003 - CONTROL NUMBER IDENTIFIER | |
| rucl marc code | BD-RjUL |
| 005 - DATE AND TIME OF LATEST TRANSACTION | |
| control field | 20211209000813.0 |
| 008 - FIXED-LENGTH DATA ELEMENTS--GENERAL INFORMATION | |
| fixed length control field | 140308s1955 enk 1 1 eng d |
| 035 ## - SYSTEM CONTROL NUMBER | |
| System control number | (BD-RjUL)22469 |
| 040 ## - CATALOGING SOURCE | |
| Original cataloging agency | NUN |
| Language of cataloging | eng |
| Transcribing agency | NUN |
| Modifying agency | BD-RjUL |
| 041 ## - LANGUAGE CODE | |
| Language code of text/sound track or separate title | eng |
| 082 04 - DEWEY DECIMAL CLASSIFICATION NUMBER | |
| Classification number | 828.6 |
| Author mark and year | BOB 1955 |
| 100 1# - MAIN ENTRY--PERSONAL NAME | |
| Personal name | Boswell, James, |
| Dates associated with a name | 1740-1795. |
| 9 (RLIN) | 61877 |
| 245 10 - TITLE STATEMENT | |
| Title | Boswell on the grand tour : |
| Remainder of title | Italy, Corsica and France, 1765-1766 / |
| Statement of responsibility, etc. | Ed. by F.Brady and F.A.Pottle. |
| 260 ## - PUBLICATION, DISTRIBUTION, ETC. (IMPRINT) | |
| Place of publication, distribution, etc. | London : |
| Name of publisher, distributor, etc. | Heinemann, |
| Date of publication, distribution, etc. | c1955. |
| 300 ## - PHYSICAL DESCRIPTION | |
| Pagination | xxviii, 383 p. : |
| Illustrations | illus., facsims., maps (on lining papers), ports. ; |
| Size | 24 cm. |
| 500 ## - GENERAL NOTE | |
| General note | For a companion vol. see the author's Boswell on the grand tour: Germany and Switzerland, 1764. |
| 600 10 - SUBJECT ADDED ENTRY--PERSONAL NAME | |
| Personal name | Boswell, James, |
| Dates associated with a name | 1740-1795. |
| 700 1# - ADDED ENTRY--PERSONAL NAME | |
| Personal name | Pottle, Frederick Albert, |
| Dates associated with a name | 1897- |
| Personal name | Brady, Frank. |
| 942 ## - ADDED ENTRY ELEMENTS (KOHA) | |
| Source of classification or shelving scheme | Dewey Decimal Classification |
| Koha item type | Books |
| Lost status | Source of classification or shelving scheme | Damaged status | Not for loan | Collection code | Permanent Location | Current Location | Shelving location | Date acquired | Source of acquisition | Cost, normal purchase price | Total Checkouts | Full call number | Date last seen | Copy number | Koha item type |
|---|---|---|---|---|---|---|---|---|---|---|---|---|---|---|---|
| Dewey Decimal Classification | Added to bundle | Fiction | Central Library, University of Rajshahi | Central Library, University of Rajshahi | Reading Room | 03/04/1964 | Zeitlinger | 30.00 | 828.6 BOB 1955 | 08/03/2014 | C-1 | Books |